Projekt 2000 AIP Pre strojárstvo. Pre projektovanie investičnej výstavby. Pre odevný priemysel. Pre obuvníctvo. Pre elektrotechnický priemysel. Aj pre ďalšie odbory

Bibliographic Details
Main Author: Böhm, Vladislav (Author)
Format: Article
Language:Slovak
Subjects:

MARC

LEADER 00000nab a2200000 a 4500
001 vtls000358203
003 SK-MaSNL
005 20260302223637.0
008 111201c1989 xo 0 slo
015 |a SNBRB19rr/mm-uuuuu 
035 |a CL0358325 
040 |a SNKBUCL  |b slo  |c SNKBUCL  |e AACR2 
041 0 |a slo 
044 |a xo  |c SK 
080 |a 658.512:681.3(437)  |2 1981 
080 |a 681.3(437)  |2 1981 
080 |a 681.3  |2 1981 
100 1 |a Böhm, Vladislav  |4 aut  |9 953610 
245 1 0 |a Projekt 2000 AIP  |b Pre strojárstvo. Pre projektovanie investičnej výstavby. Pre odevný priemysel. Pre obuvníctvo. Pre elektrotechnický priemysel. Aj pre ďalšie odbory  |c Vladislav Böhm 
650 0 7 |a práce inžinierske  |2 snkbucl  |9 949691 
650 0 7 |a automatizácia  |2 snkbucl  |9 1428 
655 7 |a články z novín a časopisov  |2 snkbucl  |9 267496 
773 0 |t Technické noviny  |g Roč. 37, č. 26 (1989), s. 3 
850 |a Slovenská národná knižnica v Martine  |a MTA001 
852 |a SNK  |b KIS3GCP 
958 |a RK 
992 |a RBX 
999 |c 1521239  |d 1523169